[Event "37 Open Vila de Sitges 2011"]
[Site "Sitges (ESP)"]
[Date "2011.07.25"]
[Round "4.2"]
[White "Cabrera, Alexis"]
[Black "Munoz Pantoja, Miguel"]
[Result "1-0"]
[WhiteElo "2530"]
[BlackElo "2482"]
[PlyCount "147"]
[EventDate "2011.07.22"]
[EventType "swiss"]
[EventRounds "9"]
[EventCountry "ESP"]

1. c4 c5 2. Nf3 Nc6 3. d4 Nf6 4. d5 Na5 5. Qc2 d6 6. e4 e5 7. Nc3 g6 8. Bd3 Bg7
9. h3 O-O 10. g4 Bd7 11. Bg5 a6 12. Qc1 b5 13. b3 Rb8 14. Ne2 bxc4 15. bxc4 Rb4
16. Ng3 Qb6 17. O-O Rb8 18. Bd2 Qc7 19. Kh2 Be8 20. Rg1 Nd7 21. Nf5 Nb6 22.
Nxg7 Kxg7 23. Nh4 Bd7 24. Bxb4 cxb4 25. f4 Na4 26. Qe3 Nc5 27. Rab1 Nxd3 28.
Qxd3 Qxc4 29. Qe3 Qxa2+ 30. Kh1 Nc4 31. Qa7 Qa3 32. Kh2 Qe3 33. Qxb8 Qxf4+ 34.
Rg3 Nd2 35. Rbg1 Nxe4 36. Qb6 a5 37. Qxa5 h5 38. Qa7 g5 39. gxh5 Kh6 40. Nf3
Bxh3 41. Qb8 Kh7 42. Qf8 g4 43. h6 Qxh6 44. Qxh6+ Kxh6 45. Rxh3+ gxh3 46. Rb1
Nc3 47. Rxb4 Nxd5 48. Rb7 Kg6 49. Rd7 Nf4 50. Rxd6+ Kf5 51. Ng1 f6 52. Nxh3 Ne6
53. Kg2 e4 54. Kg3 Ke5 55. Rb6 Nd4 56. Rb8 Nf5+ 57. Kf2 Nd6 58. Ra8 Kf5 59. Kg3
Nc4 60. Nf4 Ke5 61. Re8+ Kd4 62. Rd8+ Ke3 63. Nd5+ Ke2 64. Kf4 f5 65. Kxf5 Kf3
66. Rh8 e3 67. Rh3+ Kf2 68. Nf4 Nd2 69. Kg4 Nf1 70. Rf3+ Ke1 71. Kh3 e2 72. Kg2
Kd2 73. Rd3+ Ke1 74. Rd8 1-0

[Event "37 Open Vila de Sitges 2011"]
[Site "Sitges (ESP)"]
[Date "2011.07.25"]
[Round "4.4"]
[White "Cruz, Cristhian"]
[Black "Cruz, Jonathan"]
[Result "1/2-1/2"]
[WhiteElo "2470"]
[BlackElo "2406"]
[PlyCount "20"]
[EventDate "2011.07.22"]
[EventType "swiss"]
[EventRounds "9"]
[EventCountry "ESP"]

1. d4 e6 2. e4 d5 3. exd5 exd5 4. c4 Nf6 5. Nf3 Bb4+ 6. Bd2 Bxd2+ 7. Nbxd2 O-O
8. Be2 Nc6 9. O-O Bg4 10. c5 a6 1/2-1/2

[Event "37 Open Vila de Sitges 2011"]
[Site "Sitges (ESP)"]
[Date "2011.07.25"]
[Round "4.5"]
[White "Avila Jimenez, Javier"]
[Black "Alarcon Casellas, Rolando"]
[Result "1-0"]
[WhiteElo "2257"]
[BlackElo "2453"]
[PlyCount "49"]
[EventDate "2011.07.22"]
[EventType "swiss"]
[EventRounds "9"]
[EventCountry "ESP"]

1. d4 d5 2. c4 c6 3. cxd5 cxd5 4. Bf4 Nc6 5. e3 Bf5 6. Nc3 e6 7. Qb3 Qb6 8. Bb5
a6 9. Bxc6+ Qxc6 10. Nf3 f6 11. O-O g5 12. Nxg5 e5 13. Rac1 Rd8 14. e4 exf4 15.
Nxd5 Qxd5 16. exd5 fxg5 17. Rfe1+ Kf7 18. Rc7+ Kg6 19. d6 Bd7 20. Re6+ Nf6 21.
Qd3+ Kf7 22. Qf5 Bg7 23. Re7+ Kf8 24. Rexd7 Rxd7 25. Rxd7 1-0

[Event "37 Open Vila de Sitges 2011"]
[Site "Sitges (ESP)"]
[Date "2011.07.25"]
[Round "4.7"]
[White "Jimenez Fraga, Pedro Alejandro"]
[Black "Alexandrova, Olga"]
[Result "1-0"]
[WhiteElo "2464"]
[BlackElo "2393"]
[PlyCount "45"]
[EventDate "2011.07.22"]
[EventType "swiss"]
[EventRounds "9"]
[EventCountry "ESP"]

1. e4 e6 2. d4 d5 3. Nd2 dxe4 4. Nxe4 Nd7 5. Nf3 Ngf6 6. Nxf6+ Nxf6 7. Be3 Nd5
8. Bd2 c5 9. Ne5 a6 10. c3 Bd6 11. Qg4 O-O 12. Bd3 cxd4 13. Qxd4 Qc7 14. Nc4
Bf4 15. O-O-O b5 16. Bxf4 Nxf4 17. Ne5 Nxd3+ 18. Rxd3 f6 19. Nd7 Bxd7 20. Qxd7
Qf4+ 21. Rd2 e5 22. Rhd1 Qxh2 23. Qd5+ 1-0

[Event "37 Open Vila de Sitges 2011"]
[Site "Sitges (ESP)"]
[Date "2011.07.25"]
[Round "4.8"]
[White "Bacallao Alonso, Yusnel"]
[Black "Phadke, Sohan"]
[Result "1-0"]
[WhiteElo "2532"]
[BlackElo "2252"]
[PlyCount "43"]
[EventDate "2011.07.22"]
[EventType "swiss"]
[EventRounds "9"]
[EventCountry "ESP"]

1. d4 Nf6 2. c4 g6 3. Nc3 d5 4. Nf3 Bg7 5. Bg5 dxc4 6. e4 c5 7. d5 b5 8. e5 b4
9. exf6 exf6 10. Qe2+ Kf8 11. Be3 bxc3 12. bxc3 Kg8 13. Qd2 Ba6 14. Be2 Nd7 15.
O-O h5 16. d6 Kh7 17. Qd5 Qe8 18. Rfe1 Rc8 19. Rad1 Qe6 20. Qd2 Rhd8 21. Bf4
Ne5 22. Bxe5 1-0

[Event "37 Open Vila de Sitges 2011"]
[Site "Sitges (ESP)"]
[Date "2011.07.25"]
[Round "4.9"]
[White "Hjelmaas, Lars"]
[Black "Gonzalez Garcia, Jose"]
[Result "0-1"]
[WhiteElo "2286"]
[BlackElo "2522"]
[PlyCount "68"]
[EventDate "2011.07.22"]
[EventType "swiss"]
[EventRounds "9"]
[EventCountry "ESP"]

1. d4 Nf6 2. c4 e6 3. Nc3 Bb4 4. a3 Bxc3+ 5. bxc3 d5 6. e3 O-O 7. Bd3 c5 8.
cxd5 exd5 9. Ne2 b6 10. O-O Ba6 11. f3 Bxd3 12. Qxd3 Re8 13. g4 Nbd7 14. Ng3
cxd4 15. cxd4 Nf8 16. g5 N6d7 17. f4 Rc8 18. Ra2 Qc7 19. Rg2 Qc3 20. Qe2 Qb3
21. f5 Rxc1 22. Rxc1 Rxe3 23. Qc2 Qxa3 24. f6 g6 25. Ne2 Ne6 26. Qc8+ Ndf8 27.
Rc3 Qa1+ 28. Kf2 Re4 29. Rgg3 Qh1 30. Rge3 Qxh2+ 31. Kf1 Qh1+ 32. Ng1 Rf4+ 33.
Rf3 Rxd4 34. Rfe3 Rd1+ 0-1

[Event "37 Open Vila de Sitges 2011"]
[Site "Sitges (ESP)"]
[Date "2011.07.25"]
[Round "4.10"]
[White "Capellades Subirana, Marc"]
[Black "Movsziszian, Karen"]
[Result "1-0"]
[WhiteElo "2260"]
[BlackElo "2493"]
[PlyCount "71"]
[EventDate "2011.07.22"]
[EventType "swiss"]
[EventRounds "9"]
[EventCountry "ESP"]

1. e4 g6 2. d4 Bg7 3. c3 d6 4. Ne2 Nf6 5. f3 O-O 6. g4 e5 7. d5 h5 8. h3 Nh7 9.
Be3 h4 10. Qd2 Bf6 11. Na3 Bg5 12. Bg2 Bxe3 13. Qxe3 c6 14. c4 Na6 15. O-O cxd5
16. cxd5 Bd7 17. f4 exf4 18. Nxf4 Qe7 19. Kh1 Rfe8 20. Rae1 Nc5 21. Qd2 a5 22.
Nc4 Bb5 23. b3 Bxc4 24. bxc4 Rac8 25. a3 Na6 26. e5 g5 27. Nh5 dxe5 28. Be4 Nc5
29. Bxh7+ Kxh7 30. Nf6+ Kg6 31. Rf5 Qxf6 32. Rxf6+ Kxf6 33. Rf1+ Kg6 34. Qf2
Rf8 35. Qf5+ Kh6 36. Qxe5 1-0

[Event "37 Open Vila de Sitges 2011"]
[Site "Sitges (ESP)"]
[Date "2011.07.26"]
[Round "5.1"]
[White "Karlsson, Lars"]
[Black "Cabrera, Alexis"]
[Result "1/2-1/2"]
[WhiteElo "2482"]
[BlackElo "2530"]
[PlyCount "75"]
[EventDate "2011.07.22"]
[EventType "swiss"]
[EventRounds "9"]
[EventCountry "ESP"]

1. b3 Nf6 2. Bb2 d6 3. Bxf6 exf6 4. c4 f5 5. Nc3 Nd7 6. g3 c6 7. Bg2 Be7 8. e3
h5 9. h4 Ne5 10. d4 Ng4 11. Nge2 Bd7 12. a3 g5 13. hxg5 Bxg5 14. Nf4 h4 15. Qd2
Qe7 16. O-O-O O-O-O 17. Ncd5 Qf8 18. gxh4 Rxh4 19. Rxh4 Bxh4 20. Rh1 Bxf2 21.
Qa5 Kb8 22. Qc7+ Ka8 23. Rh7 Qe8 24. Rxf7 Bxe3+ 25. Kb1 Bxf4 26. Re7 Qf8 27.
Rxd7 Rxd7 28. Qxd7 Bg5 29. Nb4 Qd8 30. Bxc6 Qxd7 31. Bxd7 Ne3 32. Nc2 f4 33.
Nxe3 fxe3 34. Bg4 Bf6 35. d5 Kb8 36. Kc2 Kc7 37. Kd3 Bb2 38. Kxe3 1/2-1/2

[Event "37 Open Vila de Sitges 2011"]
[Site "Sitges (ESP)"]
[Date "2011.07.26"]
[Round "5.2"]
[White "Barsov, Alexei"]
[Black "Avila Jimenez, Javier"]
[Result "1-0"]
[WhiteElo "2534"]
[BlackElo "2257"]
[PlyCount "69"]
[EventDate "2011.07.22"]
[EventType "swiss"]
[EventRounds "9"]
[EventCountry "ESP"]

1. d4 d5 2. c4 c6 3. Nc3 Nf6 4. cxd5 cxd5 5. Bf4 Nc6 6. e3 Bf5 7. Qb3 Na5 8.
Qa4+ Bd7 9. Qc2 Rc8 10. Bd3 Nc6 11. a3 g6 12. Nf3 Bg7 13. h3 O-O 14. O-O Re8
15. Rac1 Na5 16. Ne5 a6 17. Rfd1 Be6 18. b4 Nc4 19. Bxc4 dxc4 20. d5 Bd7 21. a4
b5 22. d6 e6 23. axb5 axb5 24. Bg5 h6 25. Nxd7 Qxd7 26. Bxf6 Bxf6 27. Nxb5 Red8
28. Nc3 Qc6 29. Ne4 Be5 30. Nc5 Rxd6 31. Qxc4 Rxd1+ 32. Rxd1 Rb8 33. Qh4 Bg7
34. Rd8+ Rxd8 35. Qxd8+ 1-0

[Event "37 Open Vila de Sitges 2011"]
[Site "Sitges (ESP)"]
[Date "2011.07.26"]
[Round "5.3"]
[White "Cruz, Jonathan"]
[Black "Djuric, Stefan"]
[Result "0-1"]
[WhiteElo "2406"]
[BlackElo "2445"]
[PlyCount "122"]
[EventDate "2011.07.22"]
[EventType "swiss"]
[EventRounds "9"]
[EventCountry "ESP"]

1. d4 Nf6 2. c4 g6 3. Nc3 Bg7 4. e4 O-O 5. Be2 d6 6. Bg5 c5 7. d5 Qa5 8. Bd2
Re8 9. f3 a6 10. Bd3 Nbd7 11. f4 e5 12. dxe6 fxe6 13. Nf3 Qc7 14. a4 b6 15. O-O
Bb7 16. Qe1 e5 17. Qh4 exf4 18. Bxf4 Nh5 19. Ng5 Ne5 20. Be2 h6 21. Nh3 Bf6 22.
Qe1 Nxf4 23. Nxf4 Qg7 24. Nfd5 Bd8 25. Qg3 h5 26. Rf2 Rf8 27. Rxf8+ Kxf8 28.
Nf4 Kg8 29. Rd1 h4 30. Qf2 Bg5 31. Ne6 Qe7 32. Nxg5 Qxg5 33. Rf1 Kg7 34. Kh1
Bc6 35. Bd1 Kh8 36. b3 Re8 37. Be2 Kg7 38. h3 Qe7 39. Qe3 Nf7 40. Bd3 Qe5 41.
Bc2 Re6 42. Bd1 Ng5 43. Bf3 Rf6 44. Nd1 Nxe4 45. Kg1 Ng3 46. Re1 Bxf3 47. Qxe5
dxe5 48. gxf3 Rxf3 49. Ne3 e4 50. Kg2 a5 51. Kg1 Kf7 52. Kg2 Ke6 53. Kg1 Ke5
54. Kg2 Kd4 55. Nd5 Rxb3 56. Nf4 Rb2+ 57. Kg1 e3 58. Nxg6 Nf5 59. Rc1 Ke4 60.
Rf1 e2 61. Ra1 Nd4 0-1

[Event "37 Open Vila de Sitges 2011"]
[Site "Sitges (ESP)"]
[Date "2011.07.26"]
[Round "5.4"]
[White "Lorenzo De La Riva, Lazaro"]
[Black "Bacallao Alonso, Yusnel"]
[Result "0-1"]
[WhiteElo "2391"]
[BlackElo "2532"]
[PlyCount "96"]
[EventDate "2011.07.22"]
[EventType "swiss"]
[EventRounds "9"]
[EventCountry "ESP"]

1. e4 e5 2. Nf3 Nc6 3. Bb5 a6 4. Ba4 Nf6 5. O-O Be7 6. Re1 b5 7. Bb3 O-O 8. d4
Nxd4 9. Nxd4 exd4 10. e5 Ne8 11. c3 dxc3 12. Nxc3 d6 13. Nd5 Be6 14. Qf3 Rc8
15. Nxe7+ Qxe7 16. Bf4 dxe5 17. Rxe5 Qf6 18. Bc2 Nd6 19. Rae1 Rce8 20. h3 Bd7
21. Qg3 Bf5 22. Bxf5 Nxf5 23. Qc3 Rxe5 24. Bxe5 Qg6 25. Bxc7 h6 26. Bf4 Qb6 27.
Qe5 Nh4 28. Bg3 Ng6 29. Qe4 Rd8 30. Rc1 Qf6 31. Rc2 h5 32. h4 Rd4 33. Rc8+ Kh7
34. Qc2 Qe6 35. f3 Qxa2 36. Qe2 Qb1+ 37. Kh2 Rd1 38. Bb8 Rh1+ 39. Kg3 Qf5 40.
Qe8 Qf6 41. Qg8+ Kh6 42. Qd8 Qxh4+ 43. Qxh4 Rxh4 44. Ba7 Rb4 45. Rc2 Ne5 46.
Be3+ Kg6 47. Rc5 f6 48. f4 Rb3 0-1

[Event "37 Open Vila de Sitges 2011"]
[Site "Sitges (ESP)"]
[Date "2011.07.26"]
[Round "5.7"]
[White "Munoz Pantoja, Miguel"]
[Black "Capellades Subirana, Marc"]
[Result "1-0"]
[WhiteElo "2482"]
[BlackElo "2260"]
[PlyCount "85"]
[EventDate "2011.07.22"]
[EventType "swiss"]
[EventRounds "9"]
[EventCountry "ESP"]

1. e4 e5 2. Nf3 Nc6 3. Bc4 Bc5 4. b4 Bxb4 5. c3 Bd6 6. d4 exd4 7. O-O Qf6 8.
cxd4 Bf4 9. Be3 d6 10. Qd2 Bxe3 11. fxe3 Qe7 12. Nc3 Nh6 13. Nd5 Qd8 14. Qf2
O-O 15. Qg3 Be6 16. Ng5 Bxd5 17. exd5 Ne7 18. Bd3 Ng6 19. Rf3 Qd7 20. h3 f5 21.
Raf1 Rf6 22. e4 f4 23. Qe1 Qa4 24. Qc3 c5 25. dxc6 Qxc6 26. Bc4+ Kh8 27. Bd5
Qb6 28. Qd2 Rb8 29. Ne6 Ng8 30. Rb3 Qa6 31. Qb2 b6 32. Rc1 Rc8 33. Nc7 Qa4 34.
Rb5 Rxc7 35. Rxc7 Qd1+ 36. Kh2 Nh6 37. e5 Rf5 38. Qb1 Qh5 39. Rc8+ Nf8 40. Bf3
Qh4 41. exd6 Kg8 42. Rxf5 Nxf5 43. Bd5+ 1-0

[Event "37 Open Vila de Sitges 2011"]
[Site "Sitges (ESP)"]
[Date "2011.07.26"]
[Round "5.9"]
[White "Fernandez Aguado, Enrique"]
[Black "Jimenez Fraga, Pedro Alejandro"]
[Result "1-0"]
[WhiteElo "2355"]
[BlackElo "2464"]
[PlyCount "75"]
[EventDate "2011.07.22"]
[EventType "swiss"]
[EventRounds "9"]
[EventCountry "ESP"]

1. e4 c5 2. Nf3 Nc6 3. d4 cxd4 4. Nxd4 Nf6 5. Nc3 e5 6. Ndb5 d6 7. Bg5 a6 8.
Na3 b5 9. Bxf6 gxf6 10. Nd5 Bg7 11. c3 f5 12. exf5 Bxf5 13. Nc2 O-O 14. Nce3
Be6 15. g3 a5 16. Bg2 f5 17. Qh5 Ra7 18. O-O Kh8 19. Rad1 b4 20. Rd2 bxc3 21.
bxc3 Ne7 22. Rfd1 Nxd5 23. Bxd5 Bc8 24. Bg2 Ra6 25. Nc4 d5 26. Rxd5 Qc7 27. Nd6
Be6 28. R5d2 Qxc3 29. Bh3 e4 30. Bxf5 Bg8 31. Bxe4 a4 32. Nf5 Ra5 33. Qg4 Bf6
34. Rd7 Qb2 35. Nh6 Rg5 36. Qe6 Rg7 37. Rxg7 Kxg7 38. Rd7+ 1-0

[Event "37 Open Vila de Sitges 2011"]
[Site "Sitges (ESP)"]
[Date "2011.07.26"]
[Round "5.10"]
[White "Asis Gargatagli, Hipolit"]
[Black "Deshpande, Aniruddha"]
[Result "1-0"]
[WhiteElo "2431"]
[BlackElo "2228"]
[PlyCount "68"]
[EventDate "2011.07.22"]
[EventType "swiss"]
[EventRounds "9"]
[EventCountry "ESP"]

1. e4 e6 2. d4 d5 3. Nc3 dxe4 4. Nxe4 Bd7 5. c4 Bc6 6. Nc3 Nf6 7. Nf3 Bxf3 8.
Qxf3 c6 9. Be3 Nbd7 10. g4 h6 11. h4 Be7 12. O-O-O g6 13. Kb1 Qc7 14. Be2 h5
15. g5 Ng4 16. Bc1 e5 17. Qg3 O-O-O 18. d5 Bc5 19. Ne4 Bd4 20. Bxg4 hxg4 21.
Rxd4 exd4 22. Bf4 Qa5 23. Nd6+ Kb8 24. Nxf7+ Ka8 25. Bc7 Qd2 26. Bxd8 Re8 27.
dxc6 Re1+ 28. Rxe1 Qxe1+ 29. Kc2 Qe2+ 30. Kb3 Nc5+ 31. Ka3 bxc6 32. Qc7 Qf3+
33. b3 a6 34. Qc8+ Ka7 1-0

[Event "37 Open Vila de Sitges 2011"]
[Site "Sitges (ESP)"]
[Date "2011.07.27"]
[Round "6.1"]
[White "Cabrera, Alexis"]
[Black "Barsov, Alexei"]
[Result "1-0"]
[WhiteElo "2530"]
[BlackElo "2534"]
[PlyCount "153"]
[EventDate "2011.07.22"]
[EventType "swiss"]
[EventRounds "9"]
[EventCountry "ESP"]

1. d4 d5 2. c4 e6 3. Nc3 Bb4 4. a3 Bxc3+ 5. bxc3 Ne7 6. Nf3 b6 7. cxd5 exd5 8.
e3 O-O 9. Bd3 Ba6 10. Bxa6 Nxa6 11. Qd3 Qc8 12. c4 dxc4 13. Qxc4 c5 14. d5 b5
15. Qxb5 Nxd5 16. O-O Rb8 17. Qc4 Nb6 18. Qc2 Qe6 19. Bb2 f6 20. Rab1 Rbc8 21.
Rfc1 Rfe8 22. h3 Nb8 23. Bc3 N8d7 24. Rb5 Rb8 25. Bd2 Qe4 26. Ra5 Qxc2 27. Rxc2
Rb7 28. Ne1 Re4 29. Rb5 Ra4 30. Bc1 Rc7 31. Kf1 Rc4 32. Ke2 Rxc2+ 33. Nxc2 Nc4
34. f3 Nd6 35. Rb3 Rb7 36. Rxb7 Nxb7 37. Kd3 Nd6 38. e4 Kf7 39. f4 h5 40. Ne3
Nb6 41. e5 fxe5 42. fxe5 Nb5 43. Ke4 Ke6 44. Kf4 c4 45. Kg5 Kxe5 46. Kxh5 Kf6
47. Ng4+ Ke6 48. Ne3 Kf6 49. Kg4 c3 50. Nc2 Nd5 51. h4 g6 52. Kf3 Ke5 53. g4
Nd6 54. Bh6 Nc4 55. Bg7+ Ke6 56. Ke4 Nd2+ 57. Kd3 Nf3 58. Nd4+ Kf7 59. Nxf3
Kxg7 60. g5 a5 61. Nd4 Kf7 62. Kc4 Ne3+ 63. Kxc3 Ng2 64. Nf3 Ke6 65. Kc4 Kf5
66. Kb5 Kg4 67. Kxa5 Kxf3 68. h5 gxh5 69. g6 h4 70. g7 h3 71. g8=Q h2 72. Qh7
Kg3 73. Qb1 Nf4 74. a4 Ne2 75. Qh1 Kh3 76. Kb6 Ng3 77. Qf3 1-0

[Event "37 Open Vila de Sitges 2011"]
[Site "Sitges (ESP)"]
[Date "2011.07.27"]
[Round "6.2"]
[White "Djuric, Stefan"]
[Black "Karlsson, Lars"]
[Result "1/2-1/2"]
[WhiteElo "2445"]
[BlackElo "2482"]
[PlyCount "27"]
[EventDate "2011.07.22"]
[EventType "swiss"]
[EventRounds "9"]
[EventCountry "ESP"]

1. d4 f5 2. Nc3 d5 3. Bf4 c6 4. e4 dxe4 5. f3 Nf6 6. fxe4 fxe4 7. Bc4 Bf5 8.
Nge2 Nbd7 9. Ng3 Nb6 10. Nxf5 Nxc4 11. Qe2 e6 12. Nxg7+ Bxg7 13. Qxc4 Nd5 14.
Bg3 1/2-1/2

[Event "37 Open Vila de Sitges 2011"]
[Site "Sitges (ESP)"]
[Date "2011.07.27"]
[Round "6.3"]
[White "Bacallao Alonso, Yusnel"]
[Black "Cruz, Cristhian"]
[Result "1-0"]
[WhiteElo "2532"]
[BlackElo "2470"]
[PlyCount "69"]
[EventDate "2011.07.22"]
[EventType "swiss"]
[EventRounds "9"]
[EventCountry "ESP"]

1. e4 c5 2. Nf3 d6 3. d4 Nf6 4. Nc3 cxd4 5. Nxd4 a6 6. Be3 e5 7. Nb3 Be6 8. Qd2
Nbd7 9. f4 Rc8 10. O-O-O b5 11. Kb1 Be7 12. f5 Bc4 13. g4 h6 14. Qg2 Bxf1 15.
Rhxf1 Rxc3 16. bxc3 Qa8 17. Nd2 Qc6 18. Rfe1 Qxc3 19. Nb3 Qc4 20. Bg1 O-O 21.
h4 Nh7 22. g5 hxg5 23. Be3 g4 24. Bg5 Ndf6 25. Rd3 Rc8 26. Ree3 b4 27. c3 Nxg5
28. hxg5 Nh5 29. Qxg4 Nf4 30. Nd2 Qc5 31. c4 d5 32. exd5 Nxd3 33. Rxd3 e4 34.
Rh3 Bd6 35. Qh4 1-0

[Event "37 Open Vila de Sitges 2011"]
[Site "Sitges (ESP)"]
[Date "2011.07.27"]
[Round "6.4"]
[White "Asis Gargatagli, Hipolit"]
[Black "Gonzalez Garcia, Jose"]
[Result "1/2-1/2"]
[WhiteElo "2431"]
[BlackElo "2522"]
[PlyCount "30"]
[EventDate "2011.07.22"]
[EventType "swiss"]
[EventRounds "9"]
[EventCountry "ESP"]

1. e4 e6 2. d4 d5 3. Nc3 Nf6 4. Bg5 dxe4 5. Nxe4 Nbd7 6. Nf3 h6 7. Nxf6+ Nxf6
8. Bh4 c5 9. Bc4 a6 10. O-O b5 11. Be2 Bb7 12. c4 bxc4 13. Rc1 cxd4 14. Rxc4
Be7 15. Rxd4 Nd5 1/2-1/2

[Event "37 Open Vila de Sitges 2011"]
[Site "Sitges (ESP)"]
[Date "2011.07.27"]
[Round "6.5"]
[White "Cruz, Filemon"]
[Black "Munoz Pantoja, Miguel"]
[Result "0-1"]
[WhiteElo "2406"]
[BlackElo "2482"]
[PlyCount "99"]
[EventDate "2011.07.22"]
[EventType "swiss"]
[EventRounds "9"]
[EventCountry "ESP"]

1. d4 Nf6 2. c4 c5 3. d5 g6 4. Nc3 Bg7 5. e4 O-O 6. Nf3 d6 7. Be2 e5 8. O-O Ne8
9. Ne1 f5 10. f3 f4 11. Nd3 h5 12. Bd2 g5 13. a3 Rf7 14. b4 b6 15. bxc5 bxc5
16. Rb1 Bf8 17. Nf2 Rg7 18. Rb2 Nf6 19. h3 Nbd7 20. Be1 Be7 21. Qb1 Nb6 22. Qd1
Bd7 23. a4 Qe8 24. a5 Na4 25. Nxa4 Bxa4 26. Qd3 Qc8 27. Bc3 Bd7 28. Rfb1 g4 29.
hxg4 hxg4 30. fxg4 Nxg4 31. Nxg4 Bxg4 32. Bxg4 Qxg4 33. Rf1 Bh4 34. Qf3 Qg6 35.
Qh3 Qxe4 36. Qe6+ Kh8 37. Qh3 Rh7 38. Qf3 Qxc4 39. Re2 Bf6 40. Re4 Qxd5 41.
Rxf4 Qxf3 42. R4xf3 Bg7 43. Rf7 Bh6 44. Rxh7+ Kxh7 45. Rf7+ Kg6 46. Rd7 Bf8 47.
Kf2 Kf5 48. Kf3 e4+ 49. Ke2 Ke6 50. a6 0-1

[Event "37 Open Vila de Sitges 2011"]
[Site "Sitges (ESP)"]
[Date "2011.07.27"]
[Round "6.6"]
[White "Moskalenko, Viktor"]
[Black "Fernandez Aguado, Enrique"]
[Result "1-0"]
[WhiteElo "2591"]
[BlackElo "2355"]
[PlyCount "181"]
[EventDate "2011.07.22"]
[EventType "swiss"]
[EventRounds "9"]
[EventCountry "ESP"]

1. d4 Nf6 2. c4 e6 3. Nc3 Bb4 4. Qc2 O-O 5. a3 Bxc3+ 6. Qxc3 d5 7. Nf3 Ne4 8.
Qc2 c5 9. dxc5 Nc6 10. e3 Qa5+ 11. Bd2 Nxd2 12. Qxd2 Qxc5 13. cxd5 exd5 14. Be2
Rd8 15. O-O d4 16. Rad1 Bg4 17. exd4 Nxd4 18. Nxd4 Bxe2 19. Qxe2 Rxd4 20. Rxd4
Qxd4 21. Rd1 Qf6 22. h3 Rd8 23. Rd7 h5 24. Rxd8+ Qxd8 25. Qxh5 Qd4 26. Qe2 g6
27. g3 a5 28. Qc2 b6 29. Qc8+ Kh7 30. Qc3 Qd5 31. h4 Kg8 32. Qc8+ Kg7 33. Qc7
Qe6 34. Qc3+ Kg8 35. Qd4 Qc6 36. Kf1 Qe6 37. Qd8+ Kh7 38. Qd3 Kg8 39. Qe2 Qc6
40. Qe5 Qc4+ 41. Ke1 Qc1+ 42. Ke2 Qc2+ 43. Kf1 Qc4+ 44. Kg2 Qc6+ 45. Kh2 b5 46.
Qb8+ Kg7 47. Qe5+ Kg8 48. Qc3 Qb6 49. Kg2 b4 50. axb4 axb4 51. Qc4 Qb8 52. b3
Qd6 53. Kf3 Qd1+ 54. Ke3 Qe1+ 55. Qe2 Qc3+ 56. Qd3 Qe1+ 57. Kf3 Qe6 58. Kg2
Qc6+ 59. Qf3 Qc3 60. Qd5 Qe1 61. h5 Kg7 62. Qd4+ Kh7 63. Qf4 Kg8 64. hxg6 fxg6
65. Qb8+ Kh7 66. Qa7+ Kg8 67. Qe3 Qc3 68. Qe6+ Kg7 69. Qd5 Kf6 70. g4 Kg7 71.
g5 Qe1 72. Qd7+ Kh8 73. Qd4+ Kh7 74. Qe3 Qc3 75. Qe7+ Kg8 76. Qe6+ Kg7 77. Qd5
Kf8 78. f4 Kg7 79. Kf2 Qc2+ 80. Ke3 Qc3+ 81. Qd3 Qc1+ 82. Qd2 Qg1+ 83. Ke4 Qb1+
84. Qd3 Qh1+ 85. Kd4 Qa1+ 86. Kc5 Qc3+ 87. Qc4 Qe1 88. Qd4+ Kg8 89. Qd8+ Kg7
90. Qf6+ Kh7 91. Qf7+ 1-0

[Event "37 Open Vila de Sitges 2011"]
[Site "Sitges (ESP)"]
[Date "2011.07.27"]
[Round "6.7"]
[White "Oratovsky, Michael"]
[Black "Alarcon Casellas, Rolando"]
[Result "1/2-1/2"]
[WhiteElo "2521"]
[BlackElo "2453"]
[PlyCount "75"]
[EventDate "2011.07.22"]
[EventType "swiss"]
[EventRounds "9"]
[EventCountry "ESP"]

1. e4 e6 2. d3 d5 3. Nd2 Nf6 4. Ngf3 Nc6 5. c3 a5 6. e5 Nd7 7. d4 f6 8. exf6
Qxf6 9. Bb5 Bd6 10. Nf1 O-O 11. Ne3 Ncb8 12. O-O c5 13. dxc5 Bxc5 14. c4 dxc4
15. Nxc4 Nc6 16. Nd6 Nde5 17. Ng5 Bxd6 18. Qxd6 h6 19. Ne4 Qg6 20. Ng3 Nf7 21.
Qc5 e5 22. Be3 Be6 23. Rfd1 Rfd8 24. Bxc6 bxc6 25. Qxc6 Rdc8 26. Qe4 Qxe4 27.
Nxe4 Rab8 28. Nc5 Bf5 29. b3 Nd8 30. Nd7 Bxd7 31. Rxd7 Nc6 32. f4 a4 33. Rc1
axb3 34. axb3 Rxb3 35. Kf2 Rb2+ 36. Kf3 e4+ 37. Kxe4 Rb3 38. Bd4 1/2-1/2

[Event "37 Open Vila de Sitges 2011"]
[Site "Sitges (ESP)"]
[Date "2011.07.27"]
[Round "6.8"]
[White "Delgado Ramos, Hector"]
[Black "Cruz, Jonathan"]
[Result "1/2-1/2"]
[WhiteElo "2488"]
[BlackElo "2406"]
[PlyCount "221"]
[EventDate "2011.07.22"]
[EventType "swiss"]
[EventRounds "9"]
[EventCountry "ESP"]

1. e4 c6 2. d4 d5 3. e5 c5 4. dxc5 Nc6 5. Nf3 e6 6. Be3 Nge7 7. Bd3 Qc7 8. O-O
Nxe5 9. Nxe5 Qxe5 10. Bb5+ Nc6 11. c4 Bd7 12. cxd5 Qxd5 13. Qxd5 exd5 14. Nc3
Be6 15. Rfd1 O-O-O 16. Bxc6 bxc6 17. b4 Kd7 18. a4 Rc8 19. Bd4 Rg8 20. Rab1 Be7
21. f3 g5 22. Kf2 g4 23. f4 h5 24. Rdc1 a6 25. Ke3 h4 26. b5 cxb5 27. axb5 Bxc5
28. Bxc5 Rxc5 29. bxa6 Rgc8 30. Ne2 Ra5 31. Ra1 Rxa1 32. Rxa1 Kc7 33. a7 Kb7
34. a8=Q+ Rxa8 35. Rxa8 Kxa8 36. Kd4 Kb7 37. Kc5 Kc7 38. g3 hxg3 39. Nxg3 f5
40. Ne2 Kd7 41. Nd4 Ke7 42. Kc6 Kf6 43. Kd6 Bf7 44. Kd7 Bg8 45. Ke8 Be6 46. Kd8
Kf7 47. Kc7 Kf6 48. Kd6 Bg8 49. Nc2 Bf7 50. Kc5 Kg6 51. Ne3 Bg8 52. Kd4 Kf6 53.
Nf1 Bf7 54. Ne3 Ke6 55. Kc5 Be8 56. Nxd5 Ba4 57. Nb4 Bd1 58. Nc6 Kf6 59. Nd4
Ba4 60. Kd6 Be8 61. Kc7 Bf7 62. Kd7 Bd5 63. Kd6 Be4 64. Ne2 Bd3 65. Nd4 Be4 66.
Ne6 Bb1 67. Nd4 Be4 68. Ne2 Bd3 69. Ng3 Bb5 70. Kd5 Ba6 71. Kc5 Bd3 72. Kd6 Bb5
73. Nh1 Ba6 74. Nf2 Be2 75. Kd5 Bf3+ 76. Kc5 Be2 77. Kd6 Ba6 78. Nd1 Bd3 79.
Ne3 Bb1 80. Kd7 Ba2 81. Kd6 Bb1 82. Kd7 Ba2 83. Kc6 Bb1 84. Kd6 Bd3 85. Nd5+
Kg6 86. Ke5 Kh5 87. Ne7 g3 88. hxg3 Kg4 89. Nd5 Kxg3 90. Ne3 Kh4 91. Nxf5+ Kh5
92. Ne7 Kg4 93. Nd5 Bb1 94. Nf6+ Kf3 95. Nd7 Kg4 96. Nf6+ Kf3 97. Nd5 Kg4 98.
Nc3 Bc2 99. Ne4 Bb1 100. f5 Kh5 101. Ng3+ Kg5 102. f6 Ba2 103. Ne4+ Kg6 104.
Nd6 Bb3 105. Nc8 Ba2 106. Ne7+ Kf7 107. Nc6 Kg6 108. Nd8 Bb3 109. Ne6 Kf7 110.
Nd4 Ba2 111. Kf5 1/2-1/2

[Event "37 Open Vila de Sitges 2011"]
[Site "Sitges (ESP)"]
[Date "2011.07.27"]
[Round "6.9"]
[White "Avila Jimenez, Javier"]
[Black "Perez Mitjans, Orelvis"]
[Result "0-1"]
[WhiteElo "2257"]
[BlackElo "2452"]
[PlyCount "56"]
[EventDate "2011.07.22"]
[EventType "swiss"]
[EventRounds "9"]
[EventCountry "ESP"]

1. d4 g6 2. c4 c5 3. d5 b5 4. e4 Bg7 5. cxb5 a6 6. Nc3 d6 7. Nf3 Nf6 8. Qc2 O-O
9. a4 axb5 10. Bxb5 Na6 11. O-O Nb4 12. Qe2 Ba6 13. Bd2 Qb6 14. Rfc1 Rfb8 15.
Bxa6 Qxa6 16. Nb5 Nc2 17. Rxc2 Rxb5 18. Bc3 Rb6 19. h3 Qxe2 20. Rxe2 Rba6 21.
b4 cxb4 22. Bxb4 Rxa4 23. Rxa4 Rxa4 24. Bc3 Nxe4 25. Be1 f5 26. Rc2 Ra1 27. Kh2
Rd1 28. Bd2 h6 0-1